Hodnotenie investičných projektov zamerané na využitie reálnych opcií

Kľúčové aspekty hodnotenia investičných projektov. Etapy hodnotenia investičných projektov. Postupy pre zhodnotenie ekonomicko-finančnej efektívnosti projektov: statické metódy, dynamické metódy, rozhodovacie stromy, reálne opcie.

Guardado en:
Detalles Bibliográficos
Autor principal: Budinská, Lucia, 1990-
Formato: Capítulo de libro
Lenguaje:eslovaco
Materias:
Etiquetas: Agregar Etiqueta
Sin Etiquetas, Sea el primero en etiquetar este registro!

MARC

LEADER 00000naa$a2200000$$$4500
001 0204349
005 20240502073418.7
041 0 |a slo 
044 |a SK 
245 1 0 |a Hodnotenie investičných projektov zamerané na využitie reálnych opcií  |c Lucia Budinská 
520 |a Kľúčové aspekty hodnotenia investičných projektov. Etapy hodnotenia investičných projektov. Postupy pre zhodnotenie ekonomicko-finančnej efektívnosti projektov: statické metódy, dynamické metódy, rozhodovacie stromy, reálne opcie. 
610 2 0 |a projekty investičné 
610 2 0 |a investície 
610 2 0 |a efektívnosť investícií 
610 2 0 |a opcie reálne 
100 1 |a Budinská, Lucia, 1990-